000 00262nam a22001217a 4500
082 _a823
_bUNK/S
100 _aUNKNOWN
245 _aSEVEN ONE ACT PLAYS
260 _aLONDON
_bOXFORD
_c1987
300 _a128
650 _aENGLISH STORY
_zUNITED KINGDOM
942 _cBK
999 _c7595
_d7595